Cantons du Luxembourg sur une carte - Statistiques

Statistiques générales
  • Ce quiz a été pris 1 948 fois
  • Le résultat moyen est 5 sur 12
Réponses sur la Carte
Les réponses sont colorées sur une échelle allant du rouge au vert en fonction du pourcentage des utilisateurs qui les ont devinées à leur premier essai. Vous pouvez retrouver ces pourcentages ci-dessous.
 
Statistiques - réponses
Réponse % Correct
Luxembourg
99%
Esch-Sur-Alzette
65%
Clervaux
36%
Diekirch
36%
Remich
32%
Vianden
32%
Wiltz
32%
Mersch
31%
Capellen
29%
Echternach
29%
Grevenmacher
26%
Redange
26%
Aucun quiz correspondant
Distribution des résultats
% des personnes avec chaque résultat
Percentile par nombre de réponses
Votre historique - résultats
Vous n’avez pas pris ce quiz